000 00922naa a22002897a 4500
001 BR7701397
003 BR-BrBNA
005 20240918173931.0
007 ta
008 230509b bl.||||| |||| 00| 0 por d
040 _aBR-BrBNA
_bpor
_cBiblioteca Nacional de Agricultura
041 _a(Pt)
072 _aH20
_b0210
_bG514
090 _aH20 BR7701397
100 1 _aSiqueira, O.
245 1 _aPrincipais viroses da batata no Brasil [Solanum tuberosum]
260 3 _aBrasilia, DF (Brasil):
_c1976.
500 _aTecnologia e producao de batatas-semente Brasilia, DF (Brasil): 1976. p. 97-118 (BR7701397-AM)H20
650 _aBATATA
650 _aVIROSE VEGETAL
650 _aENROLAMENTO
650 _aMOSAICO
650 _aNECROSE
773 0 _tTecnologia e producao de batatas-semente
_wH20 BR7701397
_gBrasilia, DF (Brasil), 1976. p. 97-118
909 _a202404
_bLucia
_c55
_dLucia Elande
942 _cAM
_2AGRIS
999 _c307786
_d307786